Premier League teams 2003/2004 - Statistics

General Stats
  • This quiz has been taken 14 times
  • The average score is 17 of 20
Answer Stats
Position Points Team % Correct
1 90 Arsenal
100%
4 60 Liverpool
100%
16 41 Manchester City
100%
3 75 Manchester United
100%
2 79 Chelsea
92%
17 39 Everton
92%
9 52 Fulham
92%
18 33 Leicester City
92%
5 56 Newcastle United
92%
12 47 Southampton
92%
14 45 Tottenham Hotspur
92%
19 33 Leeds United
83%
20 33 Wolverhampton Wanderers
83%
6 56 Aston Villa
75%
10 50 Birmingham City
75%
8 53 Bolton Wanderers
75%
11 48 Middlesbrough
75%
15 44 Blackburn Rovers
67%
7 53 Charlton Athletic
58%
13 45 Portsmouth
42%
No matching quizzes found
Score Distribution
Percent of People with Each Score
Percentile by Number Answered
Your Score History
You have not taken this quiz